| 000 | 00744nam a22002657a 4500 | ||
|---|---|---|---|
| 001 | BR9511918 | ||
| 003 | BR-BrBNA | ||
| 005 | 20230928094901.0 | ||
| 007 | ta | ||
| 008 | 230509b bl.||||| |||| 00| 0 por d | ||
| 040 |
_aBR-BrBNA _bpor _cBiblioteca Nacional de Agricultura |
||
| 041 | _a(Por) | ||
| 072 |
_aF50 _b2790 |
||
| 090 | _ 2790 BR9511918 | ||
| 100 | 1 | _aOliveira, Z.C. de | |
| 110 | 1 | _aEmpresa de Assistencia Tecnica e Extensao Rural do Rio Grande do Sul, Porto Alegre (Brasil) | |
| 245 | 1 | _aPlantas que curam. No. 2 | |
| 260 | 3 |
_aPorto Alegre, RS (Brasil): _c1987. |
|
| 300 | _a31 p. | ||
| 500 | _a48 illus. | ||
| 650 | _aPlanta Medicinal | ||
| 650 | _aFitoterapia | ||
| 909 |
_a202309 _bLucia _c55 _dLucia Elande |
||
| 942 | _cBK | ||
| 999 |
_c53210 _d53210 |
||